• 首页
  • 本馆介绍
  • 公告通知
  • 最新文献
  • 馆藏检索
  • 电子资源
  • 读者导购
  • 参考咨询
  • 我的图书馆
  • 登录
  • 详细信息显示
  • 放入我的书架
  • 预约/预借图书
  • 作者相关作品
  • 分类相关作品
  • 丛书相关作品
  • 出版社相关作品

书目信息

  • 表格格式
  • 工作单格式
  • 卡片格式
题名:
英语专业八级综合人文知识、改错与翻译30天速成胜经
    
 
作者: ;考天下学习网 编
分册:  
出版信息: 北京   中国石化出版社  2013.04
页数: 261页
开本: 26cm
丛书名:
单 册:
中图分类: H310.421
科图分类:
主题词: 大学英语水平考试--自学参考资料 , 大学英语水平考试
电子资源:
ISBN: 978-7-5114-2088-6
000 00984nam0 2200253 450
001 012013117028
005 20130627145136.64
010    @a978-7-5114-2088-6@dCNY35.00
100    @a20130528d2013 em y0chiy0110 ea
101 0  @achi@aeng
102    @aCN@b110000
105    @ay z 000yy
106    @ar
200 1  @a英语专业八级综合人文知识、改错与翻译30天速成胜经@9ying yu zhuan ye ba ji zong he ren wen zhi shi 、gai cuo yu fan yi 30tian su cheng sheng jing@f考天下学习网编
210    @a北京@c中国石化出版社@d2013.04
215    @a261页@d26cm
330    @a本书分为人文知识;改错;翻译三部分,主要内容包括:TEM-8人文知识题型分析与解题技巧;主要英语国家社会与文化精选精析;英语文学常识精选精析等。
333    @a英语专业八级考试考生,英语学习者
606 0  @a大学英语水平考试@j自学参考资料
606 0  @a大学英语水平考试
690    @aH310.421@v5
711 02 @a考天下学习网@9kao tian xia xue xi wang@4编
801  0 @aCN@b人天书店@c20130528
905    @b546892-95@dH310.421@e1579@f4
    
    英语专业八级综合人文知识、改错与翻译30天速成胜经/考天下学习网编.-北京:中国石化出版社,2013.04
    261页;26cm
    使用对象:英语专业八级考试考生,英语学习者
    
    ISBN 978-7-5114-2088-6:CNY35.00
    本书分为人文知识;改错;翻译三部分,主要内容包括:TEM-8人文知识题型分析与解题技巧;主要英语国家社会与文化精选精析;英语文学常识精选精析等。
●
相关链接 在E读中查询图书 在五车中查询图书 在当当中查询图书 在豆瓣中查询图书


正题名:英语专业八级综合人文知识、改错与翻译30天速成胜经     索取号:H310.421/1579         预约/预借

序号 登录号 条形码 馆藏地/架位号 状态 备注
1 546892   205468929   第二样本阅览室/ [索取号:H310.421/1579] 在馆    
2 546893   205468938   第四借阅区/ [索取号:H310.421/1579] 在馆    
3 546894   205468947   第四借阅区/ [索取号:H310.421/1579] 在馆    
4 546895   205468956   第四借阅区/ [索取号:H310.421/1579] 在馆    
唐山师范学院图书馆 欢迎您!
大连网信软件有限公司© 版权所有